Major Issues in Pakistan Economy/ (Record no. 36292)

MARC details
000 -LEADER
fixed length control field 00440nam a22001577a 4500
005 - DATE AND TIME OF LATEST TRANSACTION
control field 20240806094115.0
008 - FIXED-LENGTH DATA ELEMENTS--GENERAL INFORMATION
fixed length control field 240806b |||||||| |||| 00| 0 eng d
082 ## - DEWEY DECIMAL CLASSIFICATION NUMBER
Classification number 330.954
Item number SHA-M
100 ## - MAIN ENTRY--AUTHOR
Author Name A.Hamid Shahid
245 ## - TITLE STATEMENT
Title Major Issues in Pakistan Economy/
Statement of responsibility, etc. A.Hamid Shahid.
260 ## - PUBLICATION, DISTRIBUTION, ETC.
Place of Publication Lahore;
Name of publisher, distributor, etc. Ilmi Kitab Khana;
Date of publication, distribution, etc. 2005.
300 ## - PHYSICAL DESCRIPTION
Pages vii, 400 p.:
650 ## - SUBJECT ADDED ENTRY--TOPICAL TERM
Subject / Department Social Sciences/Economics
300 ## - PHYSICAL DESCRIPTION
-- ill;
-- 23.5 cm.
952 ## - LOCATION AND ITEM INFORMATION (KOHA)
-- 0
-- 0
952 ## - LOCATION AND ITEM INFORMATION (KOHA)
-- 0
-- 0
952 ## - LOCATION AND ITEM INFORMATION (KOHA)
-- 0
-- 0
Holdings
Lost status Damaged status Collection code Permanent Location Current Location Shelving Location Date acquired Full Call Number Accession No./Barcode Date last seen Copy number item type Koha item type
    Economics/Commerce Superior Information Resource Center (SIRC) Superior University - City Campus Superior Information Resource Center (SIRC) Superior University - City Campus Economics 08/06/2024 330.954 SHA-M 2005 4854 08/06/2024 1 BOOK BOOK
    Economics/Commerce Superior Information Resource Center (SIRC) Superior University - City Campus Superior Information Resource Center (SIRC) Superior University - City Campus Economics 08/06/2024 330.954 SHA-M 2005 7153 08/06/2024 2 BOOK BOOK
    Economics/Commerce Superior Information Resource Center (SIRC) Superior University - City Campus Superior Information Resource Center (SIRC) Superior University- Main Campus Economics 08/06/2024 330.954 SHA-M 2005 8283 04/23/2026 3 BOOK BOOK

Powered by Koha